<The> Impact of the Deferred Tax Adjustment on the Economic Value Added (EVA) Measure

Cieľom výskumu je zistiť, či odložené daňové pohľadávky ovplyvňujú EVA (ekonomickú pridanú hodnotu). Štúdia je uskutočnená v rámci kvantitatívnej výskumnej paradigmy. Analýza sekundárnych údajov výrobcov potravín uvedených na JSE (burza v Johannesburgu) za sedemročné obdobie od roku 2004 do roku 201...

Full description

Saved in:
Bibliographic Details
Main Author: Naicker, Melissa
Format: Book Chapter
Language:English
Subjects:
Tags: Add Tag
No Tags, Be the first to tag this record!

MARC

LEADER 00000nla a2200000 4500
001 0242666
005 20220803162003.8
041 0 |a eng 
044 |a UA 
245 1 0 |a <The> Impact of the Deferred Tax Adjustment on the Economic Value Added (EVA) Measure  |c Melissa Naicker 
520 |a Cieľom výskumu je zistiť, či odložené daňové pohľadávky ovplyvňujú EVA (ekonomickú pridanú hodnotu). Štúdia je uskutočnená v rámci kvantitatívnej výskumnej paradigmy. Analýza sekundárnych údajov výrobcov potravín uvedených na JSE (burza v Johannesburgu) za sedemročné obdobie od roku 2004 do roku 2010. 
610 2 0 |a dane 
610 2 0 |a pohľadávky 
610 2 0 |a hodnota pridaná ekonomická 
610 2 0 |a hodnota pridaná 
610 2 0 |a akcionári 
610 2 0 |a potravinárstvo 
610 2 0 |a Afrika 
100 1 |a Naicker, Melissa